Soviet Cities - Sudden Death - Statistics

General Stats
  • This quiz has been taken 128 times
  • The average score is 12 of 20
Answers on the Grid
Answers color-coded by a green-red scale on the quiz's grid according to % correct below.
Baku
Belgrade
Berat
Bucharest
Budapest
Chelyabinsk
Donetsk
Dubrovnik
Fier
Gorky
Kazan
Kharkov
Kiev
Kumanovo
Leningrad
Minsk
Moscow
Multan
Novi Sad
Novosibirsk
Odessa
Omsk
Osijek
Perm
Plovdiv
Prague
Riga
Sofia
Sverdlovsk
Szeged
Tabriz
Tampere
Tashkent
Tbilisi
Tirana
Ufa
Vantaa
Warsaw
Yerevan
Zadar
 
Answer Stats
Answer % Correct
Baku
88%
Kiev
72%
Moscow
72%
Donetsk
71%
Leningrad
69%
Chelyabinsk
65%
Minsk
65%
Kazan
64%
Odessa
64%
Tbilisi
63%
Kharkov
60%
Omsk
58%
Riga
58%
Tashkent
57%
Novosibirsk
56%
Yerevan
50%
Ufa
47%
Perm
46%
Gorky
44%
Sverdlovsk
44%
No matching quizzes found
Score Distribution
Percent of People with Each Score
Percentile by Number Answered
Your Score History
You have not taken this quiz